[Event "XXI Paul Keres Memorial Rapid"]
[Site "Tallinn EST"]
[Date "2012.01.08"]
[Round "7"]
[White "Ehlvest, Jaan"]
[Black "Volodin, Aleksandr"]
[Result "1-0"]
[WhiteTitle "GM"]
[BlackTitle "GM"]
[WhiteElo "2594"]
[BlackElo "2491"]
[WhiteFideId "4500016"]
[BlackFideId "4501950"]
[EventDate "2012.01.08"]

1. e4 c5 2. Nf3 e6 3. d4 cxd4 4. Nxd4 Nc6 5. Nc3 Qc7 6. Be3 Nf6 7. f3 a6 8. Qd2
Bb4 9. a3 Be7 10. g4 d6 11. h4 Ne5 12. O-O-O Nc4 13. Bxc4 Qxc4 14. h5 h6 15. g5
hxg5 16. Bxg5 Bd7 17. Nde2 O-O-O 18. Kb1 Qc7 19. Nd4 Be8 20. h6 gxh6 21. Bxh6
Nd7 22. Bg5 Rxh1 23. Bxe7 Rxd1+ 24. Qxd1 Ne5 25. Bxd8 Qxd8 26. f4 Nc4 27. Qd3
Qc7 28. a4 Nb6 29. b3 Qc5 30. Kb2 Bd7 31. Nf3 Qb4 32. Ka2 Qc5 33. e5 d5 34. Nd4
Na8 35. Kb2 Nc7 36. Nce2 b5 37. axb5 Bxb5 38. Qc3 Qxc3+ 39. Nxc3 Bf1 40. Nd1 Nb5
41. Nxb5 Bxb5 42. Kc3 Kc7 43. Kd4 Kb6 44. Ne3 Be2 45. b4 Bf3 46. f5 Kb5 47. c3
Be4 48. f6 Bg6 49. Ng2 Kc6 50. Nf4 Bf5 51. Nh5 Bg4 52. Ng7 Kd7 53. Kc5 Bf3 54.
Kb6 Be2 55. Kb7 Kd8 56. Kc6 Bf3 57. Kb6 Be2 58. Kc5 Kd7 59. Kd4 Bg4 60. Ke3 Bd1
61. Kf4 Be2 62. Kg5 Bf3 63. Kh6 Be4 64. Nh5 Ke8 65. Kg7 Bg6 66. Nf4 Bf5 67. Ne2
Bg6 68. Nd4 Kd7 69. Kf8 Bh5 70. Nb3 Kc6 71. Nd4+ Kd7 72. Kg7 Bg6 73. Ne2 Ke8 74.
Nf4 Bf5 75. Kg8 Bg4 76. Nd3 Bh5 77. Nc5 Kd8 78. Nxe6+ Kd7 79. Nf4 1-0

[Event "XXI Paul Keres Memorial Rapid"]
[Site "Tallinn EST"]
[Date "2012.01.08"]
[Round "7"]
[White "Kulaots, Kaido"]
[Black "Fedoseev, Vladimir3"]
[Result "0-1"]
[WhiteTitle "GM"]
[BlackTitle "GM"]
[WhiteElo "2581"]
[BlackElo "2525"]
[WhiteFideId "4500261"]
[BlackFideId "24130737"]
[EventDate "2012.01.08"]

1. e4 e6 2. d4 d5 3. Nd2 c5 4. exd5 Qxd5 5. dxc5 Bxc5 6. Ngf3 Nf6 7. Bc4 Qd6 8.
Qe2 Qc7 9. O-O O-O 10. Ne4 Be7 11. Bd3 Nbd7 12. Bg5 Re8 13. Rad1 Nxe4 14. Qxe4
g6 15. Bxe7 Rxe7 16. Qh4 f6 17. Nd2 a6 18. Ne4 Kg7 19. Rfe1 b5 20. Nd6 Nc5 21.
Ne4 Nxe4 22. Bxe4 Rb8 23. Qg3 e5 24. c3 Be6 25. Bd5 Bxd5 26. Rxd5 Qc4 27. Rd6
Qxa2 28. Qf3 Rf8 29. b4 a5 30. bxa5 Qxa5 31. Red1 Qa7 32. Qc6 Qb7 33. Qc5 Rc8
34. Qb4 Rc4 35. Qb3 Rec7 36. R6d5 Qxd5 37. Rxd5 Rxc3 38. Qxb5 Rc1+ 39. Qf1 Rxf1+
40. Kxf1 Rc1+ 41. Ke2 g5 42. h3 h5 43. Ra5 Kg6 44. Kf3 h4 45. Rb5 Kf5 46. Ra5
Re1 47. Rb5 Kg6 48. Rb4 f5 49. g3 e4+ 50. Kg2 hxg3 51. Kxg3 f4+ 52. Kg2 f3+ 53.
Kh2 Kf5 54. Rb8 Rf1 55. Rb2 Kf4 56. Ra2 Rxf2+ 57. Rxf2 e3 58. Kg1 exf2+ 59. Kxf2
Ke4 60. Kf1 Ke3 61. Ke1 f2+ 62. Kf1 Kf3 0-1